La coyuntura actual en Guatemala
Furkejuvvon:
| Materiálatiipa: | Texto |
|---|---|
| Fáddágilkorat: |
Lasit fáddágilkoriid
Eai fáddágilkorat, Lasit vuosttaš fáddágilkora!
|
MARC
| LEADER | 00000 a a2200000 04500 | ||
|---|---|---|---|
| 001 | 42514 | ||
| 003 | |||
| 040 | |||
| 245 | |a La coyuntura actual en Guatemala | ||
| 773 | |g volumen17, número728 ( , 1996), páginas 8-9 | ||
| 999 | |c 26601 |d 26601 | ||
